Statistiques concernant Les plus gros partenaires commerciaux - Turquie

Cliquez ici pour prendre le quiz!

Statistiques générales

  • Ce quiz a été pris 1,799 fois
  • Le résultat moyen est 18 sur 22

Statistiques - réponses

exportations importations pays % Correct
6,03 Md7,36 MdFrance
99%
6,63 Md10,9 MdEtats-Unis
97%
15,2 MdRussie
96%
25,6 MdChine
96%
14,0 Md21,5 MdAllemagne
95%
4,99 Md5,68 MdEspagne
93%
7,58 Md10,2 MdItalie
92%
11,7 Md5,32 MdRoyaume-Uni
87%
4,97 Md4,70 MdIran
86%
3,94 MdJapon
86%
5,76 MdInde
85%
3,17 Md6,38 MdArabie Saoudite
84%
2,73 MdÉgypte
83%
7,64 MdIrak
79%
2,96 MdIsraël
68%
2,65 Md3,24 MdPologne
67%
3,20 MdBelgique
63%
6,38 MdCorée du Sud
63%
3,59 Md3,00 MdPays-Bas
62%
2,67 MdRoumanie
62%
2,68 MdSuisse
61%
5,41 Md3,70 MdÉmirats arabes unis
60%

Distribution des résultats

Percentile by Number Answered

% des personnes avec chaque résultat

Votre développement - résultats

Vous n’avez pas pris ce quiz